000 00649nam a2200241Ia 4500
003 OSt
005 20221005133340.0
006 a|||||r|||| 00| 0
007 ta
008 221004b |||||||| |||| 00| 0 san d
024 _a50771
037 _cTextual
040 _aCRL
_cCRL
_bsan
041 _2san
_asan
082 _aQ125:21a, 15G0(RR)
100 _aShastri Parashu Ram
_9642402
245 0 _aWord index to Taittiriya samhita P 1
260 _c1930
490 _aGovernment oriental series; 3
650 _aRELIGION
942 _hQ125:21a, 15G0(RR)
_cTEXL
_2cc
999 _c1066556
_d1066556